| 000 | 00681nam a2200265Ia 4500 | ||
|---|---|---|---|
| 005 | 20260121170911.0 | ||
| 008 | 008 260114s9999 xx 000 0 eng d | ||
| 020 | _a9783030025984 | ||
| 037 | _aEBOOK | ||
| 040 | _aCRL | ||
| 040 | _beng | ||
| 040 | _cCRL | ||
| 041 | _2eng | ||
| 041 | _aeng | ||
| 084 | _qCRL | ||
| 100 |
_aAmrita Das, Kathryn Quinn-Sánchez, Michele Shaul _91069549 |
||
| 245 | 0 | _aContemporary U.S. Latinx Literature in Spanish | |
| 260 | _bSpringer | ||
| 260 | _bSpringer | ||
| 260 | _c2018 | ||
| 856 | _uhttps://link.springer.com/openurl?genre=book&isbn=978-3-030-02598-4 | ||
| 942 | _cEBOOK | ||
| 999 |
_c1635279 _d1635279 |
||